000 00193nam a2200085 4500
001 1258967
005 20260408091220.0
245 _aAŞKIN GÖZYAŞLARI
_cSİNAN YAĞMUR
260 _bKARATAY AKADEMİ
999 _c1258967
_d1258967